书目信息 |
| 题名: |
遥感实习教程
|
|
| 作者: | 刘慧平 , 彭望琭 , 梅安新 , 秦其明 编著 | |
| 分册: | ||
| 出版信息: | 北京 高等教育出版社 2001.07 |
|
| 页数: | 149页 | |
| 开本: | 26cm | |
| 丛书名: | 面向21世纪课程教材 | |
| 单 册: | ||
| 中图分类: | TP7 | |
| 科图分类: | ||
| 主题词: | 遥感技术 | |
| 电子资源: | ||
| ISBN: | 7-04-009484-3 | |
| 000 | 00747nam2 2200253 45 | |
| 001 | 0210281067 | |
| 005 | 20070703091015.90 | |
| 010 | @a7-04-009484-3@dCNY17.10 | |
| 100 | @a20021028d2001 km y0chiy0120 ea | |
| 101 | 0 | @achi |
| 200 | 1 | @a遥感实习教程@AYao Gan Shi Xi Jiao Cheng@f刘慧平等编著@FLiu Hui Ping Deng Bian Zhu |
| 210 | @a北京@c高等教育出版社@c高等教育电子音像出版社@d2001.07 | |
| 215 | @a149页@d26cm@e1CD | |
| 225 | @a面向21世纪课程教材 | |
| 307 | @a本光盘为遥感原理计算机辅助教学软件 | |
| 410 | @12001 @a面向21世纪课程教材 | |
| 606 | 0 | @a遥感技术 |
| 690 | @aTP7@v4 | |
| 701 | @a刘慧平@4编著 | |
| 701 | 0 | @a彭望琭@4编著 |
| 701 | 0 | @a梅安新@4编著 |
| 701 | 0 | @a秦其明@4编著 |
| 801 | @aCN@bTSTC@c20070703 | |
| 905 | @dTP7@e11(+) | |
| 遥感实习教程/刘慧平等编著.-北京:高等教育出版社:高等教育电子音像出版社,2001.07 |
| 149页;26cm+1CD.-(面向21世纪课程教材) |
| ISBN 7-04-009484-3:CNY17.10 |
| ● |
| 相关链接 |
|
|
|
|
正题名:遥感实习教程
索取号:TP7/11(+)
 
预约/预借
| 序号 | 登录号 | 条形码 | 馆藏地/架位号 | 状态 | 备注 |
| 1 | 0316416 | 203164164 | 第三借阅区/ [索取号:TP7/11(+)] | 在馆 | |
| 2 | 0316417 | 203164173 | 第三借阅区/ [索取号:TP7/11(+)] | 在馆 | |
| 3 | 0316418 | 203164182 | 第三借阅区/ [索取号:TP7/11(+)] | 在馆 | |
| 4 | 0316419 | 203164191 | 第三借阅区/ [索取号:TP7/11(+)] | 在馆 | |
| 5 | 0316420 | 203164208 | 第三借阅区/ [索取号:TP7/11(+)] | 在馆 | |
| 6 | 0316421 | 203164217 | 第三借阅区/ [索取号:TP7/11(+)] | 在馆 | |
| 7 | 0316422 | 203164226 | 第三借阅区/ [索取号:TP7/11(+)] | 在馆 | |
| 8 | 0316423 | 203164235 | 第二样本阅览室/ [索取号:TP7/11(+)] | 在馆 | |
| 9 | 0764499 | 207644995 | 密集书库/ [索取号:TP7/11(+)] | 在馆 |